| 000 | 01267cam a2200253 i 4500 | ||
|---|---|---|---|
| 003 | SA-RiAUC | ||
| 005 | 20240914102950.0 | ||
| 008 | 240910s1987 su g 000r0dara c | ||
| 040 |
_aSA-RiAUC _bara _cSA-RiAUC _erda |
||
| 043 | _ama----- | ||
| 082 | 0 | 4 |
_a953 _bس ب ط |
| 100 | 1 |
_aسبط ابن الجوزي، يوسف بن قزأوغلي بن عبد الله، _d581-654 هجري _eمؤلف. |
|
| 245 | 1 | 0 |
_aمرآة الزمان في تاريخ الأعيان / _cتصنيف شمس الدين أبي المظفر يوسف بن قزاوغلي التركي الشهير بسبط بن الجوزي ؛ تحقيق مسفر بن سالم بن عريج الغامدي. |
| 246 | 3 | 0 | _aتاريخ الأعيان |
| 264 | 1 |
_aمكة المكرمة : _bجامعة أم القرى، مركز إحياء التراث الإسلامي، _c[1987] |
|
| 300 |
_a2 مجلد ؛ _c24 سم |
||
| 336 |
_aنص _btxt _2rdacontent _3كتاب |
||
| 337 |
_aبدون وسيط _bn _2rdamedia |
||
| 338 |
_aمجلد _bnc _2rdacarrier |
||
| 651 | 7 |
_aالبلاد العربية _xتاريخ _yالعصر العباسي، 750-1258. _2aucsh |
|
| 700 | 1 |
_aالغامدي، مسفر سالم مسفر، _d1369 هجري- _eمحقق. |
|
| 942 |
_2ddc _cBOOK |
||
| 949 |
_aSA-JeALM _d240910 _umohamedma123 _n1 |
||
| 999 |
_c174 _d174 |
||